Las vigilias de Bonaventura

Uloženo v:
Podrobná bibliografie
Médium: Kniha
Jazyk:španělština
Vydáno: Barcelona El Acantilado 2001
Edice:El Acantilado, 39
Témata:
Tagy: Přidat tag
Žádné tagy, Buďte první, kdo vytvoří štítek k tomuto záznamu!

MARC

LEADER 00000nam a2200000 a 4500
001 UCJ9863
003 CL-VaPUC
008 070413e20010000SP |||||||||||||||||spa|d
020 |a 8495359316 
082 0 4 |a 833  |b VIG  |2 21 
245 1 4 |a Las vigilias de Bonaventura 
300 |a 172 p 
942 |c BK 
945 |d 20070413 00:00:00  |a cmena 
260 |a Barcelona  |b El Acantilado  |c 2001 
650 0 |a Novelas alemanas   |9 265783 
650 7 |a ROMANTICIMSO ALEMAN  |2 CL-VaPUC  |9 519908 
650 7 |a HUMOR NEGRO  |2 CL-VaPUC  |9 449845 
583 |a last modification  |c 20070413 00:00:00  |k Rodrigo Vera 
490 0 |a El Acantilado, 39 
999 |c 325206  |d 325204 
952 |0 0  |1 0  |4 0  |6 833_000000000000000_VIG_2001  |7 0  |8 A  |9 405840  |a BIBART  |b BIBART  |d 2019-11-22  |i 4325990  |o 833 VIG 2001  |p 4325990  |r 2025-03-13  |w 2019-11-22  |y BK  |k ART